Deiparae Virgini Mariae. Dei patris, filiae. Dei filii, matri spiritus sancti, sponsae. (Record no. 10782)

MARC details
000 -CABECERA
campo de control de longitud fija 00539nam a22001697a 4500
003 - IDENTIFICADOR DEL NÚMERO DE CONTROL
campo de control FranzMayer
005 - FECHA Y HORA DE LA ÚLTIMA TRANSACCIÓN
campo de control 20191004123004.0
008 - DATOS DE LONGITUD FIJA--INFORMACIÓN GENERAL
campo de control de longitud fija 191004b ||||| |||| 00| 0 eng d
040 ## - FUENTE DE LA CATALOGACIÓN
Centro/agencia transcriptor Franz
245 ## - MENCIÓN DE TÍTULO
Título Deiparae Virgini Mariae. Dei patris, filiae. Dei filii, matri spiritus sancti, sponsae.
246 ## - FORMA VARIANTE DE TÍTULO
Título propio/Titulo breve Alphabeto Jurídico, Canónico y Civil por Don Gil de Castejón
260 ## - PUBLICACIÓN, DISTRIBUCIÓN, ETC.
Fecha de publicación, distribución, etc. 1677-78(?)
300 ## - DESCRIPCIÓN FÍSICA
Extensión 727 p.
500 ## - NOTA GENERAL
Nota general Estado físico : En mal estado, separado para restauración
500 ## - NOTA GENERAL
Nota general CO-54
942 ## - ELEMENTOS DE PUNTO DE ACCESO ADICIONAL (KOHA)
Fuente del sistema de clasificación o colocación Library of Congress Classification
Tipo de ítem Koha Libros
Holdings
Estado de retiro Estado de pérdida Fuente del sistema de clasificación o colocación Estado dañado No para préstamo Código de colección Localización permanente Ubicación/localización actual Fecha de adquisición Número de inventario Total de préstamos Renovaciones totales Código de barras Fecha visto por última vez Fecha del último préstamo Precio válido a partir de Tipo de ítem Koha
El ejemplar forma parte de la colección y puede ser consultado según las políticas vigentes.   Library of Congress Classification     Conventual Franz Mayer Biblioteca del Museo Franz Mayer (Rogerio Casas-Alatriste) Biblioteca del Museo Franz Mayer (Rogerio Casas-Alatriste) 04/10/2019 CO-54 1 1 CFM00493 09/05/2023 12/10/2021 04/10/2019 Libros